Child care and training (Record no. 1322547)

MARC details
000 -LEADER
fixed length control field 00585nam a2200205Ia 4500
005 - DATE AND TIME OF LATEST TRANSACTION
control field 20250508150232.0
008 - FIXED-LENGTH DATA ELEMENTS--GENERAL INFORMATION
fixed length control field 008 250505s9999 xx 000 0 eng d
037 ## - SOURCE OF ACQUISITION
Stock number Textual
040 ## - CATALOGING SOURCE
Original cataloging agency FEDL
Language of cataloging eng
Transcribing agency FEDL
041 ## - LANGUAGE CODE
Language code of text/sound track or separate title eng
Source of code eng
084 ## - COLON CLASSIFICATION NUMBER
Classification number 155.4, FAE
Assigning agency FEDL
100 ## - MAIN ENTRY--PERSONAL NAME
Personal name Faegre Marion L.
9 (RLIN) 88143
245 #0 - TITLE STATEMENT
Title Child care and training
260 ## - PUBLICATION, DISTRIBUTION, ETC.
Place of publication, distribution, etc. Minneapolis
Name of publisher, distributor, etc. The University of Minnesota Press
Date of publication, distribution, etc. 1928
300 ## - PHYSICAL DESCRIPTION
Extent vi,300p.
650 ## - SUBJECT ADDED ENTRY--TOPICAL TERM
Topical term or geographic name entry element Child Psychology
700 ## - ADDED ENTRY--PERSONAL NAME
Personal name Anderson John E.
9 (RLIN) 756202
942 ## - ADDED ENTRY ELEMENTS (KOHA)
Koha item type Textual
Classification part 155.4, FAE
Holdings
Withdrawn status Lost status Damaged status Not for loan Home library Current library Date acquired Total Checkouts Full call number Barcode Date last seen Price effective from Koha item type
        Department of Education Library Department of Education Library 2025-05-08   155.4, FAE EL0001426 2025-05-08 2025-05-08 Textual
Copyright @ Delhi University Library System